| 000 | 00871nam a2200193 i 4500 | ||
|---|---|---|---|
| 001 | 162754 | ||
| 003 | ES-MaACL | ||
| 005 | 20230906212609.0 | ||
| 008 | 020718s1890 sp |||| | spa d | ||
| 100 | 1 |
_aPulido, Ángel, _d1852-1932 _9149324 |
|
| 245 | 1 | 0 |
_aMás sobre las calcinaciones de Huelva _b: (problema de salubridad) : segundo folleto / _cpor Ángel Pulido Fernández. |
| 260 |
_aMadrid : _b[s.n.], _c1890 ( _fEstab. Tip. de Enrique Teodoro) |
||
| 300 |
_a164 p. ; _c28 cm. |
||
| 530 | _aDisponible en formato digital. | ||
| 650 |
_aMinería- _zMinas de Riotinto. _915059 |
||
| 852 |
_aES-MaACL _jT-834-F-6 _z- Enc. hol., conservando la enc. original _z- Enc. en un vol. facticio |
||
| 856 |
_uhttp://bibliotecavirtual.ranm.es/ranm/i18n/consulta/registro.cmd?id=520 _zBiblioteca Virtual de la Real Academia Nacional de Medicina |
||
| 999 |
_c162754 _d162754 |
||